000 00538nam a2200133Ia 4500
008 171207s9999 xx 000 0 und d
100 _aBourne, Clea D.
245 _aSensemaking in an online community after financial loss: Enterprising Jamaican investors and the fall of a financial messiah
245 _cClea D Bourne
260 _c2017
300 _apages 843-860, June 2017
440 _aNew Media & Society
_v19:6
650 _aEnterprising investors, Jamaica, narrative, online communities, Ponzi schemes, sensemaking, speculation
999 _c347653
_d347653